|
|
|
|
| LEADER |
01825nam a22003617a 4500 |
| 001 |
43965 |
| 003 |
BD-DhAAL |
| 005 |
20250120102120.0 |
| 008 |
250120t2013 enka d 000 0 eng d |
| 010 |
|
|
|a 2013455123
|
| 020 |
|
|
|a 0199663114 (pbk.)
|
| 020 |
|
|
|a 9780199663118 (pbk.)
|
| 035 |
|
|
|a (OCoLC)ocn845344550
|
| 040 |
|
|
|a CDX
|b eng
|c CDX
|d YDXCP
|d ORU
|d ZCU
|d OCLCQ
|d VP@
|d DLC
|d BD-DhAAL
|
| 041 |
0 |
|
|a eng
|a fre
|
| 042 |
|
|
|a lccopycat
|
| 050 |
0 |
0 |
|a PC2640
|b .C72 2013
|
| 082 |
0 |
4 |
|a 443.21
|2 23
|
| 245 |
0 |
0 |
|a Compact Oxford-Hachette French dictionary :
|b French-English, English-French /
|c chief editor, Marie-Hélène Corréard.
|
| 250 |
|
|
|a New edition.
|
| 260 |
|
|
|a Oxford, United Kingdom :
|b Oxford University Press,
|c 2013.
|
| 300 |
|
|
|a x, 976 pages :
|b illustrations ;
|c 20 cm
|
| 526 |
|
|
|a BIL
|x Dr. Tanjena Sultana Khan
Lecturer
BRAC Institute of Languages (BIL)
Course Name : Basic French (FRN 101)
|
| 541 |
|
|
|a R K Corporation
|e 43965, 43966
|
| 546 |
|
|
|a Text in English and French.
|
| 650 |
|
0 |
|a English language
|v Dictionaries
|x French.
|9 57501
|
| 650 |
|
0 |
|a French language
|v Dictionaries
|x English.
|9 57502
|
| 700 |
1 |
|
|a Corréard, Marie-Hélène,
|e editor.
|9 57514
|
| 852 |
|
|
|a Ayesha Abed Library
|c Reference Section
|
| 942 |
|
|
|2 ddc
|c BK
|
| 999 |
|
|
|c 47200
|d 47200
|
| 952 |
|
|
|0 0
|1 0
|2 ddc
|4 0
|6 443_210000000000000_COM
|7 0
|9 77184
|a BIL
|b BIL
|d 2025-01-13
|e R K Corporation
|g 2710.00
|l 0
|o 443.21 COM
|p 3010043965
|r 2025-01-13
|t 1
|v 2710.00
|w 2025-01-13
|y BK
|x Requisitioned by Dr. Tanjena Sultana Khan for the course named- "Basic French (FRN 101)".
|
| 952 |
|
|
|0 0
|1 0
|2 ddc
|4 0
|6 443_210000000000000_COM
|7 1
|9 77185
|a BRACUL
|b BRACUL
|c REF
|d 2025-01-13
|e R K Corporation
|g 2710.00
|l 0
|o 443.21 COM
|p 3010043966
|r 2025-01-13
|t 2
|v 2710.00
|w 2025-01-13
|y BK
|x Requisitioned by Dr. Tanjena Sultana Khan for the course named- "Basic French (FRN 101)".
|